Tanga z Hamburku : Židovská trilogie III /
Další z částí volného cyklu Židovská trilogie je příběhem krátké lásky mladíka a prostitutky ve vězení terezínského ghetta.
Uloženo v:
| Série: | Židovská trilogie,
část 3 |
|---|---|
| Hlavní autor: | |
| Médium: | E-kniha |
| Jazyk: | Czech |
| Vydáno: |
Praha :
Městská knihovna v Praze,
2026
|
| Vydání: | V MKP 1. elektronické vydání |
| Témata: | |
| On-line přístup: | Odkaz na plný text Plný text Plný text Plný text Obálka |
| Příbuzné jednotky: | Z cyklu::
Židovská trilogie |
| Tagy: |
Žádné tagy |
| LEADER | 03135nam a2200493 i 4500 | ||
|---|---|---|---|
| 001 | 5214271 | ||
| 003 | CZ-PrMKP | ||
| 005 | 20260413142919.1 | ||
| 007 | ta | ||
| 008 | 260306s2026----xr-----go-----000-f-cze-- | ||
| 020 | |a 978-80-274-4951-4 |q (online ; |q pdf) | ||
| 020 | |a 978-80-274-4950-7 |q (online ; |q epub) | ||
| 020 | |a 978-80-274-4952-1 |q (online ; |q prc) | ||
| 040 | |a ABG001 |b cze |e rda | ||
| 072 | 7 | |a 821.162.3-3 |x Česká próza |2 Konspekt |9 25 | |
| 080 | |a 821.162.3-31 |2 MRF | ||
| 080 | |a 323.12"1939/1945" |2 MRF | ||
| 080 | |a 355.01-055.2 |2 MRF | ||
| 080 | |a (0:82-31) |2 MRF | ||
| 100 | 1 | |a Lustig, Arnošt, |d 1926-2011 |7 jk01072683 |4 aut | |
| 245 | 1 | 0 | |a Tanga z Hamburku : |b Židovská trilogie III / |c Arnošt Lustig |
| 250 | |a V MKP 1. elektronické vydání | ||
| 264 | 1 | |a Praha : |b Městská knihovna v Praze, |c 2026 | |
| 300 | |a 1 online zdroj (202 stran) ; | ||
| 336 | |a text |b txt |2 rdacontent | ||
| 337 | |a počítač |b c |2 rdamedia | ||
| 338 | |a online zdroj |b cr |2 rdacarrier | ||
| 500 | |a Jubilejní edice k 100. výročí narození Arnošta Lustiga | ||
| 520 | 2 | |a Další z částí volného cyklu Židovská trilogie je příběhem krátké lásky mladíka a prostitutky ve vězení terezínského ghetta. |b Věčná Lustigova témata, žena a válka, se prolínají i v této vzpomínce na milostné vzplanutí na pozadí tragického osudu židovské komunity, v absurdním a krutém terezínském prostředí. Setkání s německo-židovskou prostitutkou dostává v očích vzpomínajícího spisovatele osudové rozměry. S vědomím neodvratného konce většiny zúčastněných našel v osobě Tangy nejen objekt erotických představ i činů, ale i inspiraci k hledání sebe sama, k filozofickým úvahám, podaným bez patosu, útržkovitě a spíše s odkazem na nenahraditelnost prožitku než s aspirací na obecné pravdy. Edice Lustigových děl v elektronické podobě vznikla ve spolupráci s Prahou městem literatury v rámci projektu Nadačního fondu Arnošta Lustiga s názvem FestivAL100, jímž se oslavilo 100. výročí spisovatelova narození. Ke zpracování bylo zvoleno vždy poslední knižní vydání za autorova života, kde provedl definitivní úpravy textu. | |
| 610 | 2 | 7 | |a Terezín (koncentrační tábor) |7 kn20010710647 |2 czenas |
| 650 | 0 | 7 | |a holocaust (1939-1945) |7 ph117203 |2 czenas |
| 650 | 0 | 7 | |a ženy a válka |7 ph231091 |2 czenas |
| 650 | 0 | 9 | |a holocaust, 1939-1945 |2 eczenas |
| 650 | 0 | 9 | |a women and war |2 eczenas |
| 655 | 7 | |a české romány |7 fd133974 |2 czenas | |
| 655 | 9 | |a Czech fiction |2 eczenas | |
| 710 | 2 | |a Městská knihovna (Praha, Česko) |7 kn20010709068 |4 pbl | |
| 787 | 0 | 8 | |i Z cyklu: |t Židovská trilogie |g 3 |
| 856 | 4 | 1 | |u http://search.mlp.cz/searchMKP.jsp?action=sTitul&key=5214271 |y Odkaz na plný text |
| 856 | 4 | 1 | |q epub |u https://web2.mlp.cz/koweb/00/05/21/42/71/tanga_z_hamburku.epub |y Plný text |
| 856 | 4 | 1 | |q pdf |u https://web2.mlp.cz/koweb/00/05/21/42/71/tanga_z_hamburku.pdf |y Plný text |
| 856 | 4 | 1 | |q prc |u https://web2.mlp.cz/koweb/00/05/21/42/71/tanga_z_hamburku.prc |y Plný text |
| 856 | 4 | 1 | |u https://web2.mlp.cz/koweb/00/05/21/42/71.jpg |y Obálka |
| 910 | |a ABG001 | ||